| 000 | 00930nam a2200253 a 4500 | ||
|---|---|---|---|
| 001 | 000025040 | ||
| 003 | DO-SdBNP | ||
| 005 | 20250630100924.0 | ||
| 008 | 110209t2008 dr a 000 0 spa d | ||
| 020 | _a9789945859317 | ||
| 040 |
_aDO-SdBNP _bspa _cBNPHU |
||
| 082 | 4 |
_a741.537293 _bP438T _222 |
|
| 100 | 1 |
_aPérez Báez, Eloy _951370 |
|
| 245 | 1 | 0 |
_aTrujillo en caricaturas / _cEloy Pérez Báez ; ilustraciones Johan B. Méndez. |
| 260 |
_a[s.l. : _bs.n], _c2008. |
||
| 300 |
_a38 p. : _bil. ; _c21 cm. |
||
| 500 | _aLa biblioteca posee 3 ejemplares autografíados por el autor. | ||
| 590 | _aInventariado, 2018/ YL | ||
| 600 | 1 | 0 |
_aTrujillo Molina, Rafael Leónidas, _d1891-1961 _vAnécdotas, chistes y sátiras, etc. _922667 |
| 651 | 0 |
_aRepública Dominicana _xHistoria _yEra de Trujillo, 1930-1961 _978796 |
|
| 700 | 1 |
_aMéndez, Johan B., _eil. _951373 |
|
| 910 | _aValidado. Control de calidad EMS. | ||
| 942 |
_2ddc _cLBS1 |
||
| 999 |
_c24533 _d24533 |
||